书目信息 |
| 题名: |
工程经济学
|
|
| 作者: | 李忠富 , 张明媛 , 杨晓冬 主编 | |
| 分册: | ||
| 出版信息: | 北京 科学出版社 2023.07 |
|
| 页数: | 307页 | |
| 开本: | 26cm | |
| 丛书名: | ||
| 单 册: | ||
| 中图分类: | F062.4 | |
| 科图分类: | ||
| 主题词: | 经济学--分支科学 | |
| 电子资源: | ||
| ISBN: | 978-7-03-074165-3 | |
| 000 | 01177nam0 2200277 450 | |
| 001 | 2634328239 | |
| 005 | 20260522093729.24 | |
| 010 | @a978-7-03-074165-3@dCNY52.00 | |
| 100 | @a20260522d2023 km y0chiy0120 ea | |
| 101 | 0 | @achi |
| 102 | @aCN@b110000 | |
| 200 | 1 | @a工程经济学@AGong Cheng Jing Ji Xue@f李忠富, 张明媛, 杨晓冬主编@FLi Zhong Fu,Zhang Ming Yuan,Yang Xiao Dong Zhu Bian |
| 205 | @a3版 | |
| 210 | @a北京@c科学出版社@d2023.07 | |
| 215 | @a307页@d26cm | |
| 300 | @a"十二五 " 普通高等教育本科国家级规划教材 | |
| 330 | @a本书内容包括工程经济学概论、资金的时间价值、工程经济分析的基本要素、工程经济评价的指标、工程经济评价的多方案比选、工程项目财务评价、工程项目国民经济评价、不确定性与风险分析、价值工程、工程投资的经济分析、工程设计的经济分析、工程施工的经济分析、工程项目后评价、工程运营维护与更新的经济分析等。 | |
| 503 | @n河南城建学院图书馆 | |
| 510 | 1 | @a= Engineering economics |
| 606 | 0 | @a经济学@x分支科学 |
| 690 | @aF062.4@v4 | |
| 701 | 0 | @a李忠富@ALi Zhong Fu@4主编 |
| 701 | 0 | @a张明媛@AZhang Ming Yuan@4主编 |
| 701 | 0 | @a杨晓冬@AYang Xiao Dong@4主编 |
| 801 | 0 | @aCN@b大连网信软件有限公司图书馆·11@c20260522 |
| 905 | @aZUCC@dF062.4@eL3411=3 | |
| 工程经济学/李忠富, 张明媛, 杨晓冬主编.-3版.-北京:科学出版社,2023.07 |
| 307页;26cm |
| "十二五 " 普通高等教育本科国家级规划教材 |
| ISBN 978-7-03-074165-3:CNY52.00 |
| 本书内容包括工程经济学概论、资金的时间价值、工程经济分析的基本要素、工程经济评价的指标、工程经济评价的多方案比选、工程项目财务评价、工程项目国民经济评价、不确定性与风险分析、价值工程、工程投资的经济分析、工程设计的经济分析、工程施工的经济分析、工程项目后评价、工程运营维护与更新的经济分析等。 |
| ● |
| 相关链接 |
|
|
|
正题名:工程经济学
索取号:F062.4/L3411=3
 
预约/预借
| 序号 | 登录号 | 条形码 | 馆藏地/架位号 | 状态 | 备注 |
| 1 | 1556888 | 215568883 | 社科库409/ [索取号:F062.4/L3411=3] | 在馆 |